Tous les films Marvel - Statistiques

Statistiques générales
  • Ce quiz a été pris 310 fois
    235 depuis la dernière actualisation
  • Le résultat moyen est 45 sur 103
Statistiques - réponses
Dates Films % Correct
2007 | 2008 Iron Man
95%
2012 Avengers
91%
1977 L'Incroyable Hulk
90%
2011 Thor
90%
1979 | 1990 Captain America
88%
2002 Spider-Man
88%
2013 Iron Man 3
84%
2003 Hulk
83%
2019 Avengers: Endgame
81%
2017 Thor: Ragnarok
80%
2018 Black Panther
78%
2010 Iron Man 2
78%
2015 Ant-Man
76%
2015 Avengers: l'Ère d'Ultron
75%
1978 | 2016 Doctor Strange
75%
2014 Les Gardiens de la galaxie
75%
2017 Spider-Man: Homecoming
74%
2018 Avengers: Infinity War
73%
2021 Black Widow
73%
2022 Thor: Love and Thunder
73%
2004 Spider-Man 2
71%
2000 X-Men
71%
2019 Spider-Man: Far From Home
70%
2021 Spider-Man: No Way Home
70%
2018 Ant-Man et la Guêpe
69%
2019 Captain Marvel
69%
2007 Spider-Man 3
69%
2016 Captain America: Civil war
68%
2013 Thor - Le Monde des Ténèbres
68%
2017 Les Gardiens de la galaxie Vol.2
65%
2016 Deadpool
64%
2014 Captain America: Le Soldat de l'hiver
63%
? Black Panther - Wakanda Forever
62%
2012 The Amazing Spider-Man
62%
2018 Deadpool 2
59%
1994 | 2005 | ? Les 4 fantastiques
58%
2015 Les 4 Fantastiques
58%
2021 Les Éternels
56%
? Les Gardiens de la galaxie Vol.3
55%
2003 X-Men 2
54%
2018 Venom
50%
2011 Captain America - First Avenger
48%
2022 Doctor Strange in the multiverse of madness
48%
2017 Logan
46%
1998 | ? Blade
45%
? Ant-Man et la guêpe: Quantumania
43%
2003 Daredevil
42%
2008 L'Incroyable Hulk
42%
? The Marvels
38%
2016 X-Men: Apocalypse
38%
2021 Shang-Chi et la légende des dix anneaux
36%
2014 X-Men: Days of Future Past
36%
2011 X-Men: Le Commencement
36%
2019 X-Men: Dark Phoenix
34%
2005 Elektra
33%
2006 X-Men: L'Affrontement final
32%
2021 Venom: Let There Be Carnage
31%
2022 Morbius
30%
2014 The Amazing Spider-Man - Le Destin d'un héros
29%
2013 Wolverine: Le Combat de l'immortel
29%
2009 X-Men Origins: Wolverine
28%
2002 Blade II
27%
2007 Ghost Rider
27%
2020 Les Nouveaux Mutants
25%
2004 The Punisher
24%
? Avengers secret wars
23%
? Thunderbolts
22%
1989 Punisher
21%
2018 Spider-Man - New Generation
21%
2004 Blade: Trinity
18%
1979 Captain America 2
18%
2007 Les 4 fantastiques et le surfeur d'Argent
18%
? Avengers The Kang dynasty
16%
? Captain america new world order
16%
? Spider-Man across the spider verse
15%
? Kraven le chasseur
14%
1977 L'Homme araignée
13%
2011 Ghost Rider: L'Esprit de vengeance
12%
1998 Nick Fury
12%
2005 Man-Thing
8%
1986 Howard... Une nouvelle race de héros
7%
1989 Le Procès de l'incroyable Hulk
7%
1988 Le Retour de l'incroyable Hulk
7%
2008 Punisher: Zone de guerre
7%
1979 La Riposte de l'homme-araignée
5%
? Werewolf by night
5%
2006 Les vengeurs Ultimate
3%
1979 Spider-Man: The Dragon's Challenge
3%
2014 Avengers Confidential: La Veuve noire et le Punisher
2%
2013 Iron Man: L'Attaque des Technovores
2%
2006 Les vengeurs Ultimate 2
2%
2008 Next Avengers
2%
2010 Planète Hulk
2%
2019 Spider-Man: New generation - Version Alternative
2%
2011 Thor: Légendes d'Asgard
2%
? Les Gardiens de la galaxie holiday special
1%
1981 Spider-Man Défie le Dragon
0%
Aucun quiz correspondant
Distribution des résultats
% des personnes avec chaque résultat
Percentile par nombre de réponses
Votre historique - résultats
Vous n’avez pas pris ce quiz depuis la dernière actualisation